000 01125nam a2200265Ia 4500
003 OSt
005 20220918110954.0
006 a|||||r|||| 00| 0
007 ta
008 220915b |||||||| |||| 00| 0 hin d
020 _a9788181437556 (hbk)
_c7650
024 _a259801
037 _b369, 17/02/2011, Vani Prakashan
_cReference Collections
040 _aARTS
_cARTS
_bhin
041 _2hin
_ahin
082 _aO152,1M86x, P8.1-.12(RR)
100 _aगुप्त, मैथलीशरण
_91722
245 0 _aमैथलीशरण गुप्त ग्रन्थावली
246 _aMaithalīsharaṇ gupta granthāvalī
260 _aनई दिल्ली
_bवाणी प्रकाशन भारत
_c2008
490 _vखण्ड - 1
700 _a पालीवाल, कृष्णदत्त, संपा.
942 _hO152,1M86x, P8.1-.12(RR)
_cREF
999 _c116122
_d116122